Management Science: (Record no. 180880)

MARC details
000 -LEADER
fixed length control field 00603nam a22001937a 4500
005 - DATE AND TIME OF LATEST TRANSACTION
control field 20210823125207.0
010 ## - LCCN (DPL NO)
LC control number ENG-129767
020 ## - INTERNATIONAL STANDARD BOOK NUMBER
Terms of availability 200.00
International Standard Book Number 978-93-80693-05-7
035 ## - SYSTEM CONTROL NUMBER
System control number EN-113299
037 ## - SOURCE OF ACQUISITION
Source of stock number/acquisition DBAD/PUB
082 ## - DEWEY DECIMAL CLASSIFICATION NUMBER
Classification number 658
100 ## - MAIN ENTRY--PERSONAL NAME
Personal name Jampala, Rajesh C.
245 ## - TITLE STATEMENT
Title Management Science:
Statement of responsibility, etc Rajesh C. Jampala, P. ADI Lakshmi
250 ## - EDITION STATEMENT
Edition statement 2010
260 ## - PUBLICATION, DISTRIBUTION, ETC. (IMPRINT)
Name of publisher, distributor, etc Duvvuri Publications
Date of publication, distribution, etc 2010
Place of publication, distribution, etc Machlipatnam
270 ## - ADDRESS
Electronic mail address duvvuripublications@gmail.com
City Andhra Pradesh
Postal code 521001
Address M.I.G. - 143, A.P.H.B. Colony
300 ## - PHYSICAL DESCRIPTION
Extent x,345p.
Dimensions 25cm (pbk)
942 ## - ADDED ENTRY ELEMENTS (KOHA)
Source of classification or shelving scheme Dewey Decimal Classification
Item type English Books
Classification part 658
Call number prefix JAM
Holdings
Withdrawn status Lost status Not for loan Collection code Home library Current library Date acquired Source of acquisition Cost, normal purchase price Full call number Barcode Copy number Cost, replacement price Koha item type
      Non-fiction Sarojini Nagar Sarojini Nagar 23/08/2021 DBAD/PUB 200.00 658 EN-113299 1 200.00 English Books

© Delhi Public Library
Hit Counter
free hit counter